UEFA European Championship runners up - Statistics

General Stats
  • This quiz has been taken 50 times
    11 since last reset
  • The average score is 14 of 17
Answer Stats
Year Answer % Correct
2024 England
100%
2020 England
100%
2016 France
100%
2008 Germany
100%
1992 Germany
100%
1976 Germany
100%
2012 Italy
100%
2000 Italy
100%
2004 Portugal
100%
1984 Spain
100%
1980 Belgium
90%
1996 Czech Republic
60%
1988 Soviet Union
60%
1972 Soviet Union
60%
1964 Soviet Union
60%
1968 Yugoslavia
50%
1960 Yugoslavia
50%
No matching quizzes found
Score Distribution
Percent of People with Each Score
Percentile by Number Answered
Your Score History
You have not taken this quiz since the last reset